000 00858nam a2200253 i 4500
001 14294
003 ES-MaACL
005 20230906150752.0
007 t|
008 981204s1989 xxua |||| | eng d
020 _a0-674-74725-9
080 _a398.5(52)
100 1 _aMorioka, Heinz.
_983573
245 1 0 _aRakugo
_b: the popular narrative art of Japan /
_cHeinz Morioka, Miyoko Sasaki.
260 _aCambridge, Massachusetts :
_bHarvard University Press, Council on East Asian Studies,
_c[1989]
300 _aIX, 470 p. :
_bil. ;
_c24 cm.
490 1 _aHarvard East Asian Monographs ;
_v138
504 _aBibliografía : p. [404]-456.
650 1 4 _aLiteratura popular-
_zJapón.
_914649
700 1 _aSasaki, Miyoko.
_9103904
830 0 _aHarvard East Asian Monographs ;
_v138
_9228501
852 _aES-MaACL
_jL-21512
999 _c14294
_d14294